01785nam a2200397Ia 4500001001200000003000800012006001900020007001500039008004100054010001700095020003100112020002800143040002100171035002100192050002200213100002100235245014300256260005800399300004500457490004000502504006600542533015200608600003300760600003600793650004700829650006300876650006100939650006101000650004201061651005801103655002901161710001701190830004101207856012601248999001301374ebr10288432CaPaEBRm u cr cn|||||||||080825s2009 enkaf sb 001 0deng d z 2008037359 z9780195312874 (alk. paper) z0195312872 (alk. paper) aCaPaEBRcCaPaEBR a(OCoLC)64680985614aE380b.P37 2009eb1 aParsons, Lynn H.14aThe birth of modern politicsh[electronic resource] :bAndrew Jackson, John Quincy Adams, and the election of 1828 /cLynn Hudson Parsons. aOxford ;aNew York :bOxford University Press,c2009. axviii, 252 p., [16] p. of plates :bill.1 aPivotal moments in American history aIncludes bibliographical references (p. [201]-240) and index. aElectronic reproduction.bPalo Alto, Calif. :cebrary,d2011.nAvailable via World Wide Web.nAccess may be limited to ebrary affiliated libraries.10aJackson, Andrew,d1767-1845.10aAdams, John Quincy,d1767-1848. 0aPresidentszUnited StatesxElectiony1828. 0aPolitical campaignszUnited StatesxHistoryy19th century. 0aPolitical culturezUnited StatesxHistoryy19th century. 0aPolitical partieszUnited StatesxHistoryy19th century. 0aPresidentszUnited StatesvBiography. 0aUnited StatesxPolitics and governmenty19th century. 7aElectronic books.2local2 aebrary, Inc. 0aPivotal moments in American history.40uhttp://site.ebrary.com/lib/rucke/Doc?id=10288432zAn electronic book accessible through the World Wide Web; click to view c443d443